[Event "Fide Mercenarios 55th"]
[Site "Mexico City"]
[Date "2001.??.??"]
[Round "?"]
[White "Astorga Maycote, Joaquin"]
[Black "Lopez Michelone, Manuel"]
[Result "1/2-1/2"]
[WhiteElo "2000"]
[BlackElo "2105"]
[PlyCount "94"]
[EventDate "2001.??.??"]
[EventType "swiss"]
[EventRounds "5"]
[EventCountry "MEX"]
[SourceTitle "EXT 2003"]
[Source "ChessBase"]
[SourceDate "2002.11.25"]
[SourceVersion "1"]
[SourceVersionDate "2002.11.25"]
[SourceQuality "1"]

1. e4 d5 2. exd5 Nf6 3. d4 Nxd5 4. Nf3 g6 5. Bc4 Bg7 6. Bxd5 Qxd5 7. Nc3 Qa5 8. Be3 0-0 9. Qd2 Bg4 10. Ne5 Bxe5 11. dxe5 Qxe5 12. f3 Bf5 13. 0-0-0 Nc6 14. g4 Rad8 15. Qf2 Be6 16. a3 Rxd1+ 17. Rxd1 Rd8 18. Rxd8+ Nxd8 19. Bd4 Qf4+ 20. Kb1 Nc6 21. Be3 Qe5 22. f4 Qd6 23. Bc5 Qd7 24. h3 f6 25. Kc1 b6 26. Be3 Na5 27. b3 c5 28. Qd2 Qc6 29. f5 Bf7 30. Qd8+ Qe8 31. Qc7 Nc6 32. Nb5 Bd5 33. Nxa7 Qd8 34. Qxd8+ Nxd8 35. Nc8 Bg2 36. Nxe7+ Kf7 37. fxg6+ Kxe7 38. gxh7 Nf7 39. g5 Be4 40. gxf6+ Kd6 41. c4 Bxh7 42. Kd2 Nd8 43. Bf4+ Kd7 44. Kc3 Ne6 45. Be3 Bg6 46. b4 Kc6 47. a4 Nf8 1/2-1/2